|
|
|
|
| LEADER |
00000naa2a2200000 4500 |
| 001 |
113477 |
| 005 |
20240119144601.0 |
| 035 |
|
|
|a (RuTPU)RU\TPU\book\122732
|
| 090 |
|
|
|a 113477
|
| 100 |
|
|
|a 20070411d2006 k y0rusy50 ca
|
| 101 |
0 |
|
|a rus
|
| 102 |
|
|
|a RU
|
| 200 |
1 |
|
|a Асинхронный генератор в современных энергогенерирующих установках малой и средней мощности
|f А. И. Муравлев
|
| 320 |
|
|
|a Библиогр.: 3 назв.
|
| 461 |
|
1 |
|0 (RuTPU)RU\TPU\book\111998
|t Современные техника и технологии
|o 12-я международная научно-практическая конференция студентов, аспирантов и молодых ученых, г. Томск, 27 марта - 31 марта 2006 г.
|o труды в 2 т.
|f Томский политехнический университет
|d 2006
|
| 463 |
|
0 |
|0 (RuTPU)RU\TPU\book\111471
|t Т. 1
|v С. 274-275
|d 2006
|p 524 с.
|
| 610 |
1 |
|
|a энергогенерирующие установки
|
| 610 |
1 |
|
|a генераторы
|
| 610 |
1 |
|
|a энергоресурсы
|
| 610 |
1 |
|
|a автономные источники энергии
|
| 610 |
1 |
|
|a ветроэнергетика
|
| 610 |
1 |
|
|a ветроэнергетические установки
|
| 610 |
1 |
|
|a электропитание
|
| 610 |
1 |
|
|a асинхронные генераторы
|
| 610 |
1 |
|
|a труды учёных ТПУ
|
| 700 |
|
1 |
|a Муравлев
|b А. И.
|c специалист в области электроснабжения промышленных предприятий
|c старший преподаватель Томского политехнического университета
|f 1984-
|g Алексей Игоревич
|3 (RuTPU)RU\TPU\pers\26847
|9 12466
|
| 801 |
|
1 |
|a RU
|b 63413507
|c 20070411
|g PSBO
|
| 801 |
|
2 |
|a RU
|b 63413507
|c 20220112
|g RCR
|
| 942 |
|
|
|c BK
|